| 000 | 01114nam a22002537a 4500 | ||
|---|---|---|---|
| 001 | BINCO | ||
| 003 | CO-MdBIC | ||
| 005 | 20220409131522.0 | ||
| 008 | 220409b1997 ck a|||| |||| 00| 0 spa d | ||
| 020 | _a9789580441489 | ||
| 040 |
_aCO-MdBIC _bspa. _cCO-MdBIC _dCO-MdBIC |
||
| 041 | _aspa | ||
| 082 |
_222 _a869.34 _bN972 |
||
| 100 |
_aNunes, Lygia Bojunga, _d1932 |
||
| 245 |
_aLa bolsa amarilla _cNunes, Lygia Bojunga, escritora _f1932 |
||
| 260 | 1 |
_aBogotá, Colombia: _bNorma _c[1997] |
|
| 260 | _a©1997 | ||
| 300 |
_a147 paginas; _bilustraciones a blanco y negro: _c20 cm. |
||
| 500 | _aEn una gran bolsa amarilla, herencia de la tía, Raquel guarda tres deseos: el de ser grande, el de ser niño y el de ser escritora. Pero a la bolsa llegan otros habitantes: el gallo, rey, que prefiere llamarse Alfonso, el gancho de pañal, la paragüas. Todo el universo de Raquel se concentra en su bolsa amarilla donde se tejen y culminan emocionantes historias. | ||
| 650 | 7 |
_9100 _aEducación infantil |
|
| 700 |
_aVallejo, Esperanza _eilustradora |
||
| 700 |
_aObregón, Elkin _etraductor |
||
| 942 | _cLGB | ||
| 999 |
_c67715 _d67715 |
||